Town of Salem All Roles - Statistics

General Stats
  • This quiz has been taken 50 times
    43 since last reset
  • The average score is 47 of 50
Answer Stats
Alignment Answer % Correct
Neutral Benign Amnesiac
100%
Neutral Killing Arsonist
100%
Town Protective Bodyguard
100%
Town Protective Doctor
100%
Town Support Escort
100%
Mafia Killing Godfather
100%
Town Killing Jailor
100%
Mafia Killing Mafioso
100%
Neutral Killing Serial Killer
100%
Town Investigative Sheriff
100%
Neutral Benign Survivor
100%
Neutral Chaos Vampire
100%
Town Killing Veteran
100%
Town Killing Vigilante
100%
Neutral Killing Werewolf
100%
Neutral Evil Witch
100%
Mafia Killing Ambusher
96%
Mafia Support Blackmailer
96%
Mafia Support Consort
96%
Coven Coven Leader
96%
Neutral Evil Executioner
96%
Mafia Deception Forger
96%
Town Investigative Investigator
96%
Coven Medusa
96%
Coven Potion Master
96%
Mafia Deception Framer
92%
Coven Hex Master
92%
Mafia Deception Hypnotist
92%
Neutral Evil Jester
92%
Neutral Killing Juggernaut
92%
Town Support Mayor
92%
Neutral Chaos Pirate
92%
Town Investigative Psychic
92%
Town Support Retributionist
92%
Town Support Transporter
92%
Town Protective Trapper
92%
Town Support Medium
88%
Coven Necromancer
88%
Neutral Chaos Pestilence
88%
Coven Poisoner
88%
Town Investigative Spy
88%
Town Investigative Tracker
88%
Town Killing Vampire Hunter
88%
Town Protective Crusader
84%
Neutral Benign Guardian Angel
84%
Mafia Deception Janitor
84%
Mafia Support Consigliere
80%
Mafia Deception Disguiser
80%
Town Investigative Lookout
80%
Neutral Chaos Plaguebearer
80%
No matching quizzes found
Score Distribution
Percent of People with Each Score
Percentile by Number Answered
Your Score History
You have not taken this quiz since the last reset